000
00259nam a22000857a 4500
999
_c
521889
_d
521889
100
_a
Hulme, David
_9
36164
245
_a
Chronic Poverty :
_b
Meanings and Analytical Frameworks
260
_a
New delhi
_b
Indian Institute Of Public Administration
_c
2004
300
_a
54p.